<?xml version="1.0" encoding="UTF-8"?><?xml-stylesheet type="text/xsl" href="static/style.xsl"?><OAI-PMH xmlns="http://www.openarchives.org/OAI/2.0/" xmlns:xsi="http://www.w3.org/2001/XMLSchema-instance" xsi:schemaLocation="http://www.openarchives.org/OAI/2.0/ http://www.openarchives.org/OAI/2.0/OAI-PMH.xsd"><responseDate>2026-04-18T06:01:26Z</responseDate><request verb="GetRecord" identifier="oai:www.recercat.cat:10459.1/469020" metadataPrefix="marc">https://recercat.cat/oai/request</request><GetRecord><record><header><identifier>oai:recercat.cat:10459.1/469020</identifier><datestamp>2025-11-17T19:28:55Z</datestamp><setSpec>com_2072_3622</setSpec><setSpec>col_2072_479130</setSpec></header><metadata><record xmlns="http://www.loc.gov/MARC21/slim" xmlns:dcterms="http://purl.org/dc/terms/" xmlns:xsi="http://www.w3.org/2001/XMLSchema-instance" xmlns:doc="http://www.lyncode.com/xoai" xsi:schemaLocation="http://www.loc.gov/MARC21/slim http://www.loc.gov/standards/marcxml/schema/MARC21slim.xsd">
   <leader>00925njm 22002777a 4500</leader>
   <datafield ind2=" " ind1=" " tag="042">
      <subfield code="a">dc</subfield>
   </datafield>
   <datafield ind2=" " ind1=" " tag="720">
      <subfield code="a">Tamagno, Santiago</subfield>
      <subfield code="e">author</subfield>
   </datafield>
   <datafield ind2=" " ind1=" " tag="720">
      <subfield code="a">Carrera, Constanza S.</subfield>
      <subfield code="e">author</subfield>
   </datafield>
   <datafield ind2=" " ind1=" " tag="720">
      <subfield code="a">Marchese, Sofa I.</subfield>
      <subfield code="e">author</subfield>
   </datafield>
   <datafield ind2=" " ind1=" " tag="720">
      <subfield code="a">Savin, Roxana</subfield>
      <subfield code="e">author</subfield>
   </datafield>
   <datafield ind2=" " ind1=" " tag="720">
      <subfield code="a">Slafer, Gustavo A.</subfield>
      <subfield code="e">author</subfield>
   </datafield>
   <datafield ind2=" " ind1=" " tag="260">
      <subfield code="c">2024</subfield>
   </datafield>
   <datafield ind2=" " ind1=" " tag="520">
      <subfield code="a">Grains per spike in wheat (Triticum aestivum L.) are not uniformly distributed. Basal spikelets are typically sterile (or rudimentary) under common agronomic feld conditions leading to the assumption that this is a constitutive trait. Yet, it is unknown whether high resource availability per plant could prevent foret mortality in basal spikelets. We present data from two feld experiments assessing spike fertility in the four most basal spikelets of spikes from the main shoot and tillers. A collection of genotypes with different years of release and tillering habits were grown under contrasting sowing densities (agronomic densities versus isolated plants) to generate a condition of high assimilate supply to the spike. Under agronomic densities, the four most basal positions presented sterility in almost all cases in the main shoot spikes and without exception in the tiller spikes. When plants were isolated in each experiment, sterility in basal spikelets was absent and less frequent in spikes from the main shoot and tillers. Moreover, in the isolated condition, modern genotypes had a higher number of grains per spikelet than their older counterparts, whereas genotypes with low tillering habit showed the least response in spikelet fertility. These results indicate that while the predetermined lanceolate shape of spikes leads to the sterility of basal spikelets at high densities, this sterility can be reversed if assimilates become more available. Thus, sterility of basal spikelets in common agronomic conditions is not a constitutive condition of the spike.</subfield>
   </datafield>
   <datafield ind2=" " ind1=" " tag="520">
      <subfield code="a">This study was funded by the Spanish State Research Agency (Agencia Estatal de Investigación; AEI) PID2021-127415OB-I00. ST held a Ramón y Cajal fellowship (RYC2021-032713-I) co-funded by MICIU/AEI/10.13039/501100011033 and the European Union NextGenerationEU/PRTR. SIM held a pre-doctoral research contract from the University of Lleida. CSC held a Maria Zambrano’s fellowship from the University of Lleida funded by Spanish Ministry of Universities and the European Social Fund and is member of CONICET (the Scientifc Research Council of Argentina) and INTA (the National Institute of Agriculture Technology of Argentina).</subfield>
   </datafield>
   <datafield ind1="8" ind2=" " tag="024">
      <subfield code="a">http://hdl.handle.net/10459.1/469020</subfield>
   </datafield>
   <datafield tag="653" ind2=" " ind1=" ">
      <subfield code="a">Floret development</subfield>
   </datafield>
   <datafield tag="653" ind2=" " ind1=" ">
      <subfield code="a">Grain number</subfield>
   </datafield>
   <datafield tag="653" ind2=" " ind1=" ">
      <subfield code="a">Grain yield</subfield>
   </datafield>
   <datafield tag="653" ind2=" " ind1=" ">
      <subfield code="a">Spike fertility</subfield>
   </datafield>
   <datafield ind2="0" ind1="0" tag="245">
      <subfield code="a">Sterility of basal spikelets in wheat: predetermined fate or a matter of resources?</subfield>
   </datafield>
</record></metadata></record></GetRecord></OAI-PMH>